00322nam a2200121 a 450000500170000000800410001705000240005810000220008224500130010426000440011744000270016165000120018820140414132055.0100520s19uu xx 00 eng d aREF 943.9bL86 2002 aLundrigan, Nicole aHungary. aMilwaukee, WI :bGareth Stevens,c2002. aCountries of the world aHungary